| 000 | 00642nam a22002057a 4500 | ||
|---|---|---|---|
| 999 |
_c9148 _d9148 |
||
| 003 | AR-CdUCM | ||
| 008 | 190327b ||||| |||| 00| 0 spa d | ||
| 040 |
_aMUNICIPALIDAD PROVINCIAL DEL CUSCO _cBIBLIOTECA MUNICIPAL DEL CUSCO |
||
| 082 |
_a869.56 / _bR173 |
||
| 100 |
_aRamirez L., Rene _925184 |
||
| 245 | _aLos versos húmedos / | ||
| 260 |
_aCusco : _bMimiogrado FUC, _c1965. |
||
| 300 |
_a22 páginas : _c24 cm. |
||
| 505 | _aContenido: Testimonios -- Comunicaciones -- Conclusión. | ||
| 650 |
_aPoesía cusqueña _92323 |
||
| 650 |
_aPoemas latinoamericamos _925185 |
||
| 650 |
_aSiglo XX _98 |
||
| 942 |
_2ddc _cLIBROS |
||
| 945 | _adavv | ||